Time and loss and expense in the Major Project Form (Record no. 77607)

MARC details
000 -LEADER
fixed length control field 01304cab a2200217 4500
001 - CONTROL NUMBER
control field ##L134657
008 - FIXED-LENGTH DATA ELEMENTS--GENERAL INFORMATION
fixed length control field 060823n2006 000 0 eng u
035 ## - SYSTEM CONTROL NUMBER
System control number (Sirsi) u134657
041 0# - LANGUAGE CODE
Language code of text/sound track or separate title eng
100 1# - MAIN ENTRY--PERSONAL NAME
Personal name Lane, Nicholas
245 00 - TITLE STATEMENT
Title Time and loss and expense in the Major Project Form
Remainder of title a commentary
260 ## - PUBLICATION, DISTRIBUTION, ETC.
Date of publication, distribution, etc. 2006
490 #0 - SERIES STATEMENT
Series statement Construction Law Journal
Volume/sequential designation 22(1) 2006, 3-22(19)
520 ## - SUMMARY, ETC.
Summary, etc. This article makes a detailed examination of the time, loss and expense provisions of the JCT Major Project Form 2003 edition. Discusses commencement and completion, damages for delay, taking over parts of the project, extensions of time, acceleration, bonus and loss and/or expense. An appendix contains a table comparing a contractor's entitlement to an extension of time under the JCT Building Contract with Contractor's Design 1998 edition, the JCT Design and Build Contract 2005 edition and the Major Project Form.
650 24 - SUBJECT ADDED ENTRY--TOPICAL TERM
Topical term or geographic name entry element JCT MAJOR PROJECT FORM (2003 EDITION)
650 24 - SUBJECT ADDED ENTRY--TOPICAL TERM
Topical term or geographic name entry element JCT STANDARD FORM OF BUILDING CONTRACT WITH CONTRACTORS DESIGN (1998 EDITION)
650 24 - SUBJECT ADDED ENTRY--TOPICAL TERM
Topical term or geographic name entry element JCT DESIGN AND BUILD CONTRACT (2005 EDITION)
651 #4 - SUBJECT ADDED ENTRY--GEOGRAPHIC NAME
Geographic name United Kingdom
Chronological subdivision
690 ## - LOCAL SUBJECT ADDED ENTRY--TOPICAL TERM (OCLC, RLIN)
Topical term or geographic name as entry element BUILT ENVIRONMENT-BUILDING CONTRACT FORMS-STANDARD FORMS OF BUILDING CONTRACT-JOINT CONTRACTS TRIBUNAL CONTRACTS
942 ## - ADDED ENTRY ELEMENTS (KOHA)
Suppress in OPAC 0
Holdings
Withdrawn status Lost status Source of classification or shelving scheme Damaged status Not for loan Home library Current library Shelving location Date acquired Total Checkouts Full call number Barcode Date last seen Copy number Price effective from Koha item type
    Dewey Decimal Classification     London London Journal article 23/08/2006   L134657 134657-1001 06/08/2019 1 06/08/2019 Journal article